Detalles MARC
| 000 -LEADER |
| fixed length control field |
02791nam a22002177a 4500 |
| 003 - CONTROL NUMBER IDENTIFIER |
| control field |
OSt |
| 005 - DATE AND TIME OF LATEST TRANSACTION |
| control field |
20260410111437.0 |
| 008 - FIXED-LENGTH DATA ELEMENTS--GENERAL INFORMATION |
| fixed length control field |
260325b |||||||| |||| 00| 0 espd |
| 022 ## - INTERNATIONAL STANDARD SERIAL NUMBER |
| International Standard Serial Number |
9789942935960 |
| 082 ## - DEWEY DECIMAL CLASSIFICATION NUMBER |
| Edition number |
9789942935960 |
| 100 ## - MAIN ENTRY--PERSONAL NAME |
| Personal name |
Vicuña Izurieta, Segundo Abel |
| 245 ## - TITLE STATEMENT |
| Title |
Regulación económica y políticas públicas en el Ecuador: análisis desde la academia. |
| 250 ## - EDITION STATEMENT |
| Edition statement |
1ra edición |
| 260 ## - PUBLICATION, DISTRIBUTION, ETC. |
| Place of publication, distribution, etc. |
Ecuador |
| Name of publisher, distributor, etc. |
Editorial Universidad Nacional de Chimborazo (UNACH). |
| Date of publication, distribution, etc. |
2019/2020. |
| 300 ## - PHYSICAL DESCRIPTION |
| Extent |
312 pag |
| Dimensions |
14.8 cm x 21 cm |
| 490 ## - SERIES STATEMENT |
| Materials specified |
Cartulina couché o propalcote de 240 a 300 gramos |
| 520 ## - SUMMARY, ETC. |
| Summary, etc. |
Regulación económica y políticas públicas en el Ecuador: análisis desde la academia" (2020) es una obra colectiva que examina la evolución del sistema económico ecuatoriano y el impacto de las decisiones estatales en el bienestar social.<br/>Aquí tienes los puntos centrales de su contenido:<br/>Evolución del Pensamiento Económico: Analiza cómo ha cambiado la visión económica en Ecuador, pasando de modelos tradicionales a enfoques de regulación más contemporáneos.<br/>Políticas Públicas y Sector Real: Evalúa la efectividad de las políticas implementadas por el Estado para dinamizar sectores clave como la manufactura, el comercio y los servicios.<br/>Microfinanzas y Economía Popular: Dedica una parte importante al estudio de las cooperativas de ahorro y crédito y al rol de las microfinanzas como herramientas de inclusión económica en sectores vulnerables.<br/>Regulación Estatal: Discute si la intervención del Estado a través de leyes y organismos de control ha ayudado a estabilizar la economía o si, por el contrario, ha generado trabas para el crecimiento empresarial.<br/>Perspectiva Académica: Al ser un texto universitario, no solo presenta datos estadísticos, sino que propone marcos teóricos para que estudiantes y legisladores puedan diseñar mejores estrategias de desarrollo nacional. |
| 650 ## - SUBJECT ADDED ENTRY--TOPICAL TERM |
| Topical term or geographic name entry element |
Economía — Ecuador. Política económica — Siglo XXI. Microfinanzas — Aspectos sociales. Regulación económica — Análisis académico. |
| General subdivision |
Análisis: Indica que la obra no es solo descriptiva, sino que descompone y examina el fenómeno económico. Investigación: Define el carácter científico y académico del texto. Modelos matemáticos: (Si aplica al capítulo de econometría) para secciones con fórmulas y proyecciones. Política gubernamental: Especifica que el enfoque está en las decisiones del Estado. |
| Chronological subdivision |
En los sistemas de clasificación como Dewey o LC, esta subdivisión indica que el análisis de las políticas económicas y la regulación estatal se centra en los eventos, leyes y modelos aplicados en Ecuador durante las últimas dos décadas. |
| 700 ## - ADDED ENTRY--PERSONAL NAME |
| Personal name |
Segundo Abel Vicuña Izurieta |
| 942 ## - ADDED ENTRY ELEMENTS (KOHA) |
| Source of classification or shelving scheme |
Dewey Decimal Classification |
| Koha item type |
Libros |
| Suppress in OPAC |
No |